|
|
|
|
| LEADER |
00000nab a2200000 a 4500 |
| 001 |
vtls009347385 |
| 003 |
SK-MaSNL |
| 005 |
20260426105228.0 |
| 008 |
250507c2008 xo zr|p|||||||000 b|slo |
| 015 |
|
|
|a SNBRB2008/10
|2 snkbucl
|
| 035 |
|
|
|a (sysno)vtls009347385
|
| 035 |
|
|
|a urn:nbn:sk:snk-ab6rh2
|
| 035 |
|
|
|a (uuid)39c03612-6201-42ba-9139-33bac7332840
|
| 035 |
|
|
|a (urnnbn)urn:nbn:sk:snk:ar-a05gsj
|
| 038 |
|
|
|a SNKBUCL
|
| 040 |
|
|
|a SNKBUCL
|b slo
|c SNKBUCL
|e AACR2
|
| 041 |
0 |
|
|a slo
|b eng
|
| 044 |
|
|
|a xo
|c SK
|
| 080 |
|
|
|a 658.8:658.7
|x (437.6)
|2 2001
|
| 080 |
|
|
|a 658.7
|x (437.6)
|2 2001
|
| 080 |
|
|
|a 659.113.2
|x (437.6)
|2 2001
|
| 100 |
1 |
|
|a Kita, Jaroslav,
|d 1949-
|4 aut
|9 204778
|
| 245 |
1 |
0 |
|a Miesto nákupu v trhovej orientácii podnikov v Slovenskej republike
|c Jaroslav Kita, Pavol Konštiak, Pavol Kita
|
| 300 |
|
|
|b Graf, tab.
|
| 504 |
|
|
|a Bibliogr. odkazy
|
| 546 |
|
|
|a Res. angl.
|
| 650 |
0 |
7 |
|a firmy orientované trhovo
|2 snkbucl
|9 1507416
|
| 650 |
0 |
7 |
|a dodávatelia
|2 snkbucl
|9 2072
|
| 650 |
0 |
7 |
|a nákup
|2 snkbucl
|9 15623
|
| 650 |
0 |
7 |
|a marketing
|2 snkbucl
|9 2299
|
| 651 |
|
7 |
|a Slovensko
|2 snkbucl
|9 14231
|
| 700 |
1 |
|
|a Konštiak, Pavol
|4 aut
|9 306284
|
| 700 |
1 |
|
|a Kita, Pavol,
|d 1977-
|4 aut
|9 204779
|
| 773 |
0 |
|
|t Ekonomický časopis = Journal of Economics
|g Roč. 56, č. 4 (2008), s. 370-383
|x 0013-3035
|
| 850 |
|
|
|a Slovenská národná knižnica
|
| 852 |
|
|
|a Slovenská národná knižnica
|
| 954 |
|
|
|a odborná, vedecká literatúra pôvodná (slovenská)
|2 lita
|
| 958 |
|
|
|a article27
|
| 958 |
|
|
|a NB
|
| 958 |
|
|
|a SK
|
| 958 |
|
|
|a OND
|
| 958 |
|
|
|a EUIPO
|
| 999 |
|
|
|c 3345421
|d 3347351
|